000 00818nam a2200193 a 4500
008 200710s2017 ||||||||||||||||| || u
020 _a9781107662452
050 _aH 62 Col
100 _aClarke, Victoria
245 1 0 _aCollecting qualitative data : a practical Guide to textual media and virtual techniques
_cEdited by Virginia Braun; Victoria Clarke and Debra Gray
260 _aCambridge
_bCambridge University Press
_c2017
300 _axxvii, 328 pages
650 _aQUALITATIVE RESEARCH--METHODOLOGY
650 0 _aSOCIAL SCIENCES--RESEARCH--METHODOLOGY
650 0 _aQUALITATIVE RESEARCH
700 _aBraun, Virginia
700 _aGray, Debra
995 _D49.28
_FCBU-MAIN LIBRARY (Kitwe)
_M1
_UAVAILABLE
_WJul 15, 2020
_ZMain Library Open Access Collection
999 _c37667
_d37667